000 00297nam a22001337a 4500
008 181019b xxu||||| |||| 00| 0 eng d
020 _a9781559532785
041 _aeng
080 _a371
100 _a46
101 _aMAT
245 _aWriting Math Research Papers
_cGerver,R
942 _2udc
_cBK
999 _c50247
_d50247